| 000 | 00605nam a2200241Ia 4500 | ||
|---|---|---|---|
| 003 | OSt | ||
| 005 | 20240405153036.0 | ||
| 008 | 210707s9999 xx 000 0 und d | ||
| 040 | _cAL | ||
| 041 | _aeng | ||
| 082 |
_a580/224 _bBHOE |
||
| 100 |
_aS S Bhojwani _955557 |
||
| 110 |
_aS S Bhatnagar _973505 |
||
| 245 | _aEmbryology of angiosperms | ||
| 250 | _a2 | ||
| 260 |
_aDelhi _bVikas Publishing House Pvt Ltd _c1975 |
||
| 300 |
_axiv,264p. _bHB _c22x15cm. |
||
| 365 | _2Botany | ||
| 651 | _2Embryo | ||
| 700 |
_aBHOJWANI (S S) _973512 |
||
| 700 |
_aBHATNAGAR (S P) _973513 |
||
| 942 |
_2ddc _cBK |
||
| 999 |
_c179997 _d179997 |
||